1668 1536 1704 1664 1334 1136 1531 1892 1103 1514 1141 1099 1751 1207 1652 1226 1934 1388 1084 1762 1472 1139 1306 1512 1364 1036 1021 1813 1638 1425 1439 1611 1413 1009 1050 1917 1670 1526 1087 1385 1063 1958 1557 1858 1789 1486 1934 1601 1095 1845 1382 1668 1818 1027 1232 1356 1834 1380 1083 1586 1520 1100 1168 1801 1311 1410 1407 1745 1273 1130 1185 1800 1801 1410 1418 1758 1068 1392 1559 1501 1839 1563 1990 1472 1080 1768 1088 1285 1748 1774 1691 1103 1389 1997 1689 1818 1409 1774 1690 BCNSPRNW ULIB Ver.6.0+V

เปลี่ยนเป็นภาษาไทย

Change to English
 แสดงรายละเอียดบรรณานุกรม
  กลับหน้าหลัก

Brief Record : Get Marc (ISO 2709) : E-mail record : QR code < ปิดหน้าต่าง
LEADER : 00000nam 2200000uu 4500
001    13399110398
003     ULIB
008    110506s2009||||th 000 0 eng d
020    9780763758813
060 04 WY18.2^bS771e 2009
100 1  Spry, Cynthia
245 10 Essentials of perioperative nursing /^cCynthia Spry
250    4rd ed.
260    Sudbury, Mass. :^bJones and Bartlett,^c2009
300    xi, 369 p. :^bill. ;^c28 cm. +^e1 CD-ROM (4 3/4 in.)
504    Includes bibliographical references and index
650  0 Operating room nursing^vProgrammed instruction
945    ^p0^l0^i030074
995     Kesorn
999 ^a ใช้งานได้ทุกระบบ
รายการนี้ยังไม่มีแท็ก
คุณยังไม่ได้ล็อกอิน คุณสามารถมีกิจกรรมร่วมกับเว็บไซต์ได้ แต่ต้องล็อกอินก่อน ::
  ล็อกอิน

รายการสื่อสารสนเทศ

ลำดับที่ ประเภท เลขเรียก/บาร์โค้ด สถานที่ สถานะ
- ไม่พบข้อมูล -

BibComment


ยังไม่เคยถูกคอมเมนท์

คอมเมนท์ทรัพยากรรายการนี้
  คอมเมนท์: Essentials of per..


 Copyright 2026. Bcnsprnw @Library